Statistics for Costa Rican cats (Felinos de Costa Rica)

Click here to take the quiz!

General Stats

  • This quiz has been taken 49 times
  • The average score is 3 of 6

Answer Stats

Nombre científicoNombre común del felino% Correct
Panthera oncaJaguar / Pantera / Tigre / Namu
100%
Puma concolorPuma / León de montaña
81%
Puma yagouaroundiJaguarundi / León breñero / Gatio
41%
Leopardus pardalisManigordo / Ocelote
33%
Leopardus tigrinusOncilla / Tigrillo / Caucel / Gato tigre
33%
Leopardus wiediiCaucel / Tigrillo
15%

Score Distribution

Percentile by Number Answered

Percent of People with Each Score

Your Score History

You have not taken this quiz